Else-Marie e i suoi sette piccoli papà /

Gespeichert in:
Bibliographische Detailangaben
1. Verfasser: Lindenbaum, Pija
Format: Buch
Sprache:Italienisch
Veröffentlicht: [Roma] : Il Barbagianni, 2018
Tags: Tag hinzufügen
Keine Tags, Fügen Sie das erste Tag hinzu!

MARC

LEADER 00000nam a22000007i 4500
001 IT\ICCU\UBO\4309110
003 ItRI
005 20260115232204.0
008 180411s2018 it |||||| |||||1|||||c
020 |a 9788897865087 
040 |b ita  |c importazione bologna sebina 
041 7 |a ita  |2 ISO-639-2 
100 1 |a Lindenbaum, Pija  |0 IT\ICCU\UBOV\755865 
240 1 0 |a Else-Marie och smapapporna  |3 IT\ICCU\UBO\4309119  |9 Lindenbaum, Pija 
245 1 0 |a Else-Marie e i suoi sette piccoli papà /  |c Pija Lindenbaum. 
260 |a [Roma] :  |b Il Barbagianni,  |c 2018 
300 |a 1 volume (senza paginazione) :  |b ill. ;  |c 28 cm 
942 |2 ddc  |c BK  |n 0 
952 |0 0  |1 0  |4 0  |6 R_839_737000000000000_LIN  |7 0  |9 21652  |a BO  |b BO  |d 2026-01-15  |i 18942  |l 0  |o R 839.737 LIN  |p BO18942  |r 2026-01-15 23:22:04  |w 2026-01-15  |x [Sebina 5] [1 v.]  |y BK  |z 1 v. 
999 |c 18492  |d 18492